Guess the famous person from their spouses - Statistics

General Stats
  • This quiz has been taken 67 times
  • The average score is 26 of 45
Answer Stats
Hint Answer % Correct
6 Katherine of Aragon Henry VIII
97%
6 Anne Boleyn Henry VIII
97%
6 Jane Seymour Henry VIII
97%
6 Anne of Cleves Henry VIII
97%
6 Catherine Howard Henry VIII
97%
6 Catherine Parr Henry VIII
97%
8 Conrad Hilton Jr. Elizabeth Taylor
89%
8 Michael Wilding Elizabeth Taylor
89%
8 Mike Todd Elizabeth Taylor
89%
8 Eddie Fisher Elizabeth Taylor
89%
8 Richard Burton Elizabeth Taylor
89%
8 Richard Burton again Elizabeth Taylor
89%
8 John Warner Elizabeth Taylor
89%
8 Larry Fortensky Elizabeth Taylor
89%
5 Debbie Reynolds Eddie Fisher
69%
5 Elizabeth Taylor Eddie Fisher
69%
5 Connie Stevens Eddie Fisher
69%
5 Terry Richard Eddie Fisher
69%
5 Betty Lin Eddie Fisher
69%
3 Aurelia Tizón Juan Peron
54%
3 Eva Duarte Juan Peron
54%
3 Isabel Martinez Juan Peron
54%
4 Luo Yixiu Mao Zedong
54%
4 Yang Kaihui Mao Zedong
54%
4 He Zizhen Mao Zedong
54%
4 Jiang Qing Mao Zedong
54%
9 Burhan Asaf Belge Zsa Zsa Gabor
54%
9 Conrad Hilton Zsa Zsa Gabor
54%
9 George Sanders Zsa Zsa Gabor
54%
9 Herbert Hunter Zsa Zsa Gabor
54%
9 Joshua S. Cosden Jr. Zsa Zsa Gabor
54%
9 Jack Ryan Zsa Zsa Gabor
54%
9 Michael O'Hara Zsa Zsa Gabor
54%
9 Felipe de Alba Zsa Zsa Gabor
54%
9 Frédéric Prinz von Anhalt Zsa Zsa Gabor
54%
1 Thutmose II Hatshepsut
10%
7 Patricia Price Richard Pryor
10%
7 Shelley Bonis Richard Pryor
10%
7 Deborah McGuire Richard Pryor
10%
7 Jennifer Lee Richard Pryor
10%
7 Flynn Belaine Richard Pryor
10%
7 Flynn Belaine again Richard Pryor
10%
7 Jennifer Lee again Richard Pryor
10%
2 Jean Marsh Jon Pertwee
7%
2 Ingeborg Rhoesa Jon Pertwee
7%
No matching quizzes found
Score Distribution
Percent of People with Each Score
Percentile by Number Answered
Your Score History
You have not taken this quiz